000 01175naa a22003017a 4500
001 BR7405858
003 BR-BrBNA
005 20240918173645.0
007 ta
008 230509b bl.||||| |||| 00| 0 por d
040 _aBR-BrBNA
_bpor
_cBiblioteca Nacional de Agricultura
041 _a(Pt)
072 _aF22; F23
090 _aF22 BR7405858
100 1 _aMedina, H.P.
111 1 _a14. Congresso Brasileiro de Ciencia do Solo
_cSanta Maria, RS (Brazil)
_d16 Jul 1973
245 1 _aCaracteristicas da retencao da agua pelo solo -1- Avaliacao pratica de umidade sob baixas tensoes (0,1 a 1,0 bar)[Textura do solo; Horizonte; Perfil do solo]
260 3 _aRio de Janeiro, GB (Brasil):
_c1974.
500 _aAnais do 14. Congresso Brasileiro de Ciencia do Solo Rio de Janeiro, GB (Brasil): 1974. p. 89-103 (BR7405858-AM)F22
650 _aAGUA DO SOLO
650 _aUMIDADE DO SOLO
650 _aTEXTURA DO SOLO
650 _aHORIZONTE
650 _aPERFIL DO SOLO
773 0 _tAnais do 14. Congresso Brasileiro de Ciencia do Solo
_wF22 BR7405858
_gRio de Janeiro, GB (Brasil), 1974. p. 89-103
909 _a202404
_bLucia
_c55
_dLucia Elande
942 _cAM
_2AGRIS
999 _c306023
_d306023